Statistics for Lana del rey - Dealer

Click here to take the quiz!

General Stats

  • This quiz has been taken 52 times
  • The average score is 247 of 294

Answer Stats

Answer% Correct
555)
100%
(9275,
100%
a
100%
be
100%
dealer
100%
for
100%
I
100%
my
100%
no
100%
you
100%
don't
98%
he
98%
He
98%
me
98%
Not
98%
Please
98%
please
98%
to
98%
try
98%
won't
98%
back
95%
can't
95%
good
95%
live
95%
phone
95%
pick
95%
up
95%
wanna
95%
(All
93%
all
93%
father
93%
find
93%
give
93%
his
93%
Why
93%
'Cause
90%
nothing
90%
something?
90%
your
90%
been
88%
either
88%
never
88%
through
88%
year
88%
home
85%
one
85%
money
83%
years
83%
shirt
80%
the
80%
ain't
78%
Gave
78%
gave
78%
off
75%
spirit
73%
doctor
70%
you're
70%
I'm
63%
tears
63%
busy
60%
it
60%
are
58%
fucking
58%
high)
58%
any
55%
goodbye)
55%
know
55%
calls
53%
get
53%
in
53%
just
53%
seeker
53%
take
53%
circuits
50%
check
48%
healer
48%
he's
48%
He's
48%
lost
48%
(Now
48%
now
48%
ether
45%
weekend
45%
around
43%
got
43%
sleep
43%
turn
43%
But
40%
gone
40%
wreck
40%
talk
30%
stop
25%
you've
23%
time)
15%
or
10%
cheek
3%

Score Distribution

Percentile by Number Answered

Percent of People with Each Score

Your Score History

You have not taken this quiz